Statistiques concernant Petit Bac #52 - Communes de Basse-Normandie

Cliquez ici pour prendre le quiz!

Statistiques générales

  • Ce quiz a été pris 42 fois
  • Le résultat moyen est 8 sur 14

Statistiques - réponses

1ère Lettre Commune (5000+ hab.) % Correct
CCaen / Cherbourg-en-Cotentin / Coutances / Carentan-les-Marais / Colombelle / Condé-en-Normandie
100%
AAlençon / Argentan / Avranches
91%
SSaint-Lô / Souleuvre en Bocage / Saint-Pierre-en-Auge / Saint-Hilaire-du-Harcouët / Saline / Saint-James
82%
BBayeux / Bricquebec-en-Cotentin / Blainville-sur-Orne
79%
LLisieux / La Hague / L'Aigle / Livarot-Pays-d'Auge / La Ferté Macé
71%
FFlers / Falaise
65%
GGranville / Giberville
62%
VVire Normandie / Valognes / Valdalliere
59%
HHérouville-Saint-Clair / Honfleur
59%
OOuistreham
38%
DDives-sur-Mer / Douvres-la-Délivrande
29%
IIfs
21%
MMézidon Vallée d'Auge / Mondeville
18%
TThue et Mue / Tinchebray-Bocage
0%

Distribution des résultats

Percentile by Number Answered

% des personnes avec chaque résultat

Votre développement - résultats

Vous n’avez pas pris ce quiz